MDQL
is popping MORE tags! Check the
thread
!
Quizzes
Events
Quiz Creation
Community
Videos
Private Events
Remove Ads
Sign In
Join for FREE
Feedback
Dark Mode
Quiz Categories
Sports
Geography
Music
Movies
Television
Just For Fun
Miscellaneous
History
Literature
Language
Science
Gaming
Entertainment
Religion
Holiday
For Kids
Quiz Lab
Recent
Popular Today
Quiz Kudos Today
Editor Picks
Curator Picks
Quizzes by...
Day
Popularity
Type
Ratings
Length
Year
Community
Subscriptions
Recent Discussions
Orange Saloon
Badges
Playlists
Quests
Create
Leaderboards
Showdown
Live 5
Trivia Bingo
Activity
Puzzle Library
Sporcle Events
Private Events
Virtual Trivia
Globe League
Become a Host
Pub Owners
SporcleCon
Opinionation
Our Games
Videos
Blog
Mobile Apps
Partnerships
Remove Ads and Go Orange
Feedback
Entertainment
Celebrity
Famous
Musical
Broadway
Show
Quote
Comic Books
Anime
Superhero
DC Comics
Marvel
Cartoons
Animation
Entertainment
Celebrity
Famous
Musical
Broadway
Show
Quote
Comic Books
Anime
Superhero
DC Comics
Marvel
Cartoons
Animation
Random Quiz
Search Sporcle
×
Quiz Lab
Quiz Lab
Entertainment
cod
Type in answers that appear in a list
Type in answers that appear in a list
Classic
Best Score? Go Orange.
COD Black Ops Stats
Can you name the COD Black Ops Killstreaks ?
By
cmccoll
3m
15 Questions
424 Plays
424 Plays
424 Plays
Comments
Comments
Give Quiz Kudos
Give Quiz Kudos
-
- Ratings
hide this ad
Replay
Link that replays current quiz
Next Quiz
Link to next quiz in quiz playlist
You Got
0%
They Got
Avg Score
71%
Avg Friend Score
Upgrade to see
Score Distribution
Jump to the score distribution portion of the page
Score
0/15
Timer
03:00
0
Plays Today
Possible Kill Streaks
Kill Streaks
% Correct
3
Spy Plane
90.6%
3
RC-XD
88%
5
Care Package
87.7%
11
Attack Dogs
87.3%
9
Chopper Gunner
81.6%
4
Counter Spy Plane
80.4%
7
Attack Helicopter
74.1%
11
Gunship
72.9%
Possible Kill Streaks
Kill Streaks
% Correct
5
Napalm Strike
72.4%
8
Blackbird
65.8%
6
Sentry Gun
63.7%
4
SAM Turret
63%
8
Rolling Thunder
59%
6
Mortar Team
46.7%
7
Valkyrie Rockets
35.1%
Quiz Playlist
Details
Report
Send in Message
Add To Playlist
Classic:
Type in answers that appear in a list
Last Updated: Feb 16, 2017
Quiz Scoreboard
CHALLENGE
Sign Up to Join the Scoreboard
Show All
Scores
Hide
Comments
May contain spoilers
Recently Published
Holiday 10x10 Sorting Gallery
by lukepisani3
Holiday
15m
Two Season TV Shows II
by 123Four
Television
10m
Image Sorting: Flags VI
by Barbecue
Geography
2m
More to Explore
Quiz From the Vault
Featured Blog Post
14 Easter Pick-up Lines to Find Eggs With
hide this ad
You Might Also Like...
Tags
black
cod
kill
millstream
OPS
streak
Today's Top Quizzes in Entertainment
Browse Entertainment
hide this ad
Top Contributed Quizzes in Entertainment
1
Movie-Themed Roller Coasters
2
Marvel Classic Character Map
3
Dragon Ball Z: Goku's Fights in Order
4
Marvel Characters Bunker
5
Sorting Pictures: Villains
6
Hamilton Logic Puzzle
7
Haikyuu Logic Quiz
8
Who stole Onew's chicken? (KPOP LOGIC QUIZ)
9
Celebrity Spelling Bee
10
Harry Styles-Are you no.1 fan
Explore More
Trending Topics
Crossword
Anime
NBA
Harry Potter
Marvel
Kpop
Disney
NFL
WWE
The Office
Song
Country
Soccer
Pokémon
Puzzle
hide this ad
More By:
cmccoll
Quiz
Plays
Rating
Category
Featured
Created
COD Black Ops
424
3.00
Entertainment
Dec 3, 2010
Go to Creator's Profile
Score Distribution
Quiz Creator Spotlight
cmccoll
Follow
Send a Message
Quizzes Created
-
Created Quiz Play Count
-
More By This Creator
Popular Quizzes Today
1
Find the US States - No Outlines Minefield
2
Colored Red Africa Blitz
3
Find the 'City' Movie
4
The Countries of the World
5
Find the US States
6
5x2 Blitz: Bands
7
Find the Countries of Europe - No Outlines Minefield
8
US States
More Entertainment Quizzes
Quick Pick: Lin-Manuel Miranda Broadway Lyrics
Quiz Lab
Trending Quizzes
Colored Red Europe Blitz I
Colored Red Europe Blitz II
Colored Red Africa Blitz II
Colored Red Africa Blitz III
Colored Red Europe Blitz III
Recently Updated
Odd Team Out - Big 4 Players
pecheneg
Quick Pick: 20 Twenties
pecheneg
March Madness Men's Triple Doubles
pecheneg
How Do You Spell That?
pecheneg
Godzilla Movies
pecheneg
Grab Bag: 4-10 Letters
pecheneg
2024 March Madness Bracket
pecheneg
Famous TV Couples
Peacemaker
Champions League XIs: Real Madrid
pecheneg
Largest US Cities 1790-2010
pecheneg
Trending Topics
Marvel
Crossword
Harry Potter
Kpop
NBA
Disney
Anime
WWE
The Office
Pokémon
NFL
Puzzle
Song
Country
Soccer
Your Account Isn't Verified!
In order to create a playlist on Sporcle, you need to verify the email address you used during registration. Go to your
Sporcle Settings
to finish the process.
Report this User
Report this user for behavior that violates our
Community Guidelines
.
Details:
Send Report
Go to the Sporcle.com Mobile Site →
Comments